Plus grandes villes dans un rayon de 1000 Km - Carte - Statistiques

Statistiques générales
  • Ce quiz a été pris 2 639 fois
  • Le résultat moyen est 35 sur 78
Réponses sur la Carte
Les réponses sont colorées sur une échelle allant du rouge au vert en fonction du pourcentage des utilisateurs qui les ont devinées à leur premier essai. Vous pouvez retrouver ces pourcentages ci-dessous.
 
Statistiques - réponses
Pays D (km) Ville % Correct
United Kingdom 2500 Londres
97%
Spain 1054 Madrid
96%
United States 3360 New York
94%
Russia 2899 Moscou
93%
United States 2479 Los Angeles
88%
Mexico 11319 Mexico
87%
Japan 2903 Tokyo
86%
Australia 5380 Sydney
85%
Egypt 4363 Le Caire
84%
Turkey 1243 Istanbul
83%
United States 1484 Miami
82%
Argentina 1674 Buenos Aires
81%
United States 1158 Chicago
76%
Brazil 7423 São Paulo
76%
Peru 3130 Lima
74%
South Africa 1261 Le Cap
73%
Chile 1139 Santiago
73%
Colombia 1869 Bogotá
70%
India 1157 Mumbai
70%
Senegal 1800 Dakar
69%
South Africa 4483 Johannesbourg
69%
India 3654 New Delhi
69%
Indonesia 3319 Jakarta
68%
Iceland 1325 Reykjavik
68%
United States 1092 Seattle
65%
Iran 1913 Téhéran
63%
Thailand 1533 Bangkok
62%
Philippines 1242 Manille
61%
United States 1282 Dallas
60%
Bolivia 1078 La Paz
60%
Saudi Arabia 1301 Riyad
60%
Democratic Republic of the Congo 1781 Kinshasa
59%
Nigeria 6366 Lagos
56%
China 1201 Shanghai
54%
Madagascar 1610 Antananarivo
52%
Malaysia 1177 Kuala Lumpur
51%
Bangladesh 1425 Dacca
49%
Australia 2729 Perth
49%
New Zealand 2161 Auckland
47%
China --- Canton
46%
Sudan 1606 Khartoum
46%
Guatemala 1059 Guatemala
44%
Dominican Republic 1337 Saint Domingue
43%
Somalia 1021 Mogadiscio
39%
United States 3852 Honolulu
38%
Tanzania 2453 Dar es Salaam
37%
Namibia 1141 Windhoek
34%
Federated States of Micronesia 1016 We{no}
33%
Papua New Guinea 2083 Port Moresby
31%
Denmark 1437 Nu{uk}
30%
United States 2134 Anchorage
29%
Brazil 1294 Manaus
29%
Zambia 1190 Lusaka
28%
Seychelles 1085 Vi{ctoria}
27%
Brazil 1630 Recife
25%
France 1457 Noumea
22%
Samoa 1151 Ap{ia}
20%
Fiji 1332 Suva
20%
Brazil 1129 Belém
19%
France 2409 Fa{aa}
17%
China 1786 Ürümqi
16%
Australia 1284 Al{ice Springs}
15%
China 1240 Chengdu
14%
Solomon Islands 1402 Honiara
13%
Russia 1291 Novossibirsk
12%
Kiribati 1871 Ta{rawa}
12%
Russia 1018 Iekaterinburg
11%
Australia 1087 Townsville
4%
Russia 1492 An{adyr}
3%
Russia 1082 Norilsk
3%
Chile 3535 Ha{nga Roa}
2%
Indonesia 1046 Jayapura
2%
Australia 1021 Po{rt Hedland}
2%
United States 2039 Sa{ipan}
2%
New Zealand 1139 Av{arua}
1%
Russia 1353 Iakutsk
1%
Russia 1512 Petropavlovsk-Kamchatsky
1%
Ecuador 1054 Pu{erto Ayora}
1%
Aucun quiz correspondant
Distribution des résultats
% des personnes avec chaque résultat
Percentile par nombre de réponses
Votre historique - résultats
Vous n’avez pas pris ce quiz